| 000 | 00484nam a2200169Ia 4500 | ||
|---|---|---|---|
| 003 | IN-BaIIA | ||
| 008 | 211028s9999 xx 000 0 eng d | ||
| 020 | _a81-7646-088-5 | ||
| 040 | _cIIA Library | ||
| 080 |
_a529 _bANS |
||
| 100 |
_aAnsari, Shahabuddin _923603 |
||
| 245 | 2 |
_aA compendium of calendars _cShahabuddin Ansari |
|
| 260 |
_aNew Delhi _bB. R. Publishing _c1999 |
||
| 300 | _aix, 196p. | ||
| 650 |
_aCalendars _93046 |
||
| 942 | _cBK | ||
| 999 |
_c13457 _d13457 |
||